| 000 | 00688nam a2200181 a 4500 | ||
|---|---|---|---|
| 001 | 000022748 | ||
| 005 | 20200930021756.0 | ||
| 008 | 101117s1980 ve a 000 0 spa d | ||
| 040 |
_aDO-SdBNP _bspa _cBNPHU |
||
| 082 |
_a923.1 _bA634h |
||
| 245 | 0 | 0 |
_aAntología homenaje al gran mariscal de Ayacucho / _cedición José Manuel Castañón. |
| 260 |
_aCaracas : _bCastañón, _c1980. |
||
| 300 |
_a234 p. : _bil. ; _c20 cm. |
||
| 500 | _aEdición conmomerativa al Sesquicentenario de la muerte de Antonio José de Sucre, gran mariscal de Ayacucho (1830-1980). | ||
| 650 | 4 |
_aBolivia _xPresidente (1825-1828: sucre) _946742 |
|
| 700 | 1 |
_aCastañón, José Manuel, _eed. _939754 |
|
| 049 | _aBNGR | ||
| 999 |
_c22245 _d22245 |
||